MARC

Tag First Indicator Second Indicator Subfields
LEADER 00000cam a2200000 i 4500
001 in00003532142
005 20211120173011.0
006 m o d f
007 cr cn|||||||||
008 150410s2011 dcua ob f000 0 eng c
035 |a (OCoLC)ocn907070420 
042 |a pcc 
043 |a n-us--- 
040 |a GPO  |b eng  |e rda  |e pn  |c GPO  |d MvI 
049 |a WWW 
074 |a 0074-A-01 (online) 
086 0 |a A 98.2:B 74/6/SUM. 
245 0 0 |a Evaluation of the birth month breastfeeding changes to the WIC food packages study :  |b summary. 
246 1 |a Evaluation of the birth month breastfeeding changes to the women, infants, and children food packages study :  |b summary 
264 1 |a [Washington, D.C.] :  |b United States Department of Agriculture, Food and Nutrition Service, Office of Research and Analysis,  |c [2011] 
300 |a 1 online resource (2 pages) :  |b color illustrations 
336 |a text  |b txt  |2 rdacontent 
337 |a computer  |b c  |2 rdamedia 
338 |a online resource  |b cr  |2 rdacarrier 
500 |a Title from caption (viewed April 10, 2015). 
500 |a "December 2011." 
504 |a Includes bibliographical references. 
610 2 0 |a Special Supplemental Nutrition Program for Women, Infants, and Children (U.S.)  |x Evaluation. 
650 0 |a Breastfeeding promotion  |z United States  |x Evaluation. 
650 0 |a Federal aid to maternal health services  |z United States  |x Evaluation. 
650 0 |a Federal aid to infant health services  |z United States  |x Evaluation. 
710 1 |a United States.  |b Food and Nutrition Service.  |b Office of Research and Analysis,  |e issuing body. 
856 4 0 |u https://purl.fdlp.gov/GPO/gpo56670  |t 0 
999 f f |s ed686adb-5ce4-3cb2-b1ff-b88fe853d23d  |i af9f3337-e4c8-3968-a703-2e5598508ff8  |t 0 
952 f f |a Texas A&M University  |b College Station  |c Electronic Resources  |d Available Online  |t 0  |e A 98.2:B 74/6/SUM.  |h Superintendent of Documents classification 
998 f f |a A 98.2:B 74/6/SUM.  |t 0  |l Available Online